[Event "Nuremberg-ch op 06th"]
[Site "Nuremberg"]
[Date "2006.06.02"]
[Round "1.12"]
[White "Heppert, Lars"]
[Black "Sommer, Matthias"]
[Result "1/2-1/2"]
[WhiteElo "1813"]
[BlackElo "2095"]
[PlyCount "126"]
[EventDate "2006.06.02"]
[EventType "swiss"]
[EventRounds "5"]
[EventCountry "GER"]
[SourceTitle "EXT 2007"]
[Source "ChessBase"]
[SourceDate "2006.11.23"]
[SourceVersion "1"]
[SourceVersionDate "2006.11.23"]
[SourceQuality "1"]

1. c4 g6 2. g3 Bg7 3. Bg2 d6 4. Nc3 e5 5. Nf3 Nc6 6. 0-0 Nf6 7. d4 0-0 8. d5 Ne7 9. e4 Nd7 10. Be3 h6 11. b4 f5 12. Rc1 Nf6 13. Qb3 Ng4 14. Bd2 Kh7 15. Rfe1 Ng8 16. h3 N4f6 17. Nh4 f4 18. Nf3 g5 19. h4 Nh5 20. hxg5 hxg5 21. Kh2 Bh6 22. Rh1 Ngf6 23. Kg1 Rg8 24. gxf4 gxf4 25. Kf1 Bd7 26. Bh3 Ng4 27. Ke2 Qe8 28. Rcg1 Qf7 29. Qc2 a6 30. Ke1 Ngf6 31. Bxd7 Rxg1+ 32. Rxg1 Qxd7 33. Ke2 Rg8 34. Qb1 Rxg1 35. Qxg1 Qg7 36. Qxg7+ Bxg7 37. Ng5+ Kg6 38. Ne6 Ne8 39. c5 Bf6 40. a4 Nhg7 41. Nxg7 Kxg7 42. Kd3 dxc5 43. bxc5 Kf7 44. a5 Ke7 45. Na4 Kd7 46. Bc3 Ng7 47. Nb2 c6 48. Nc4 cxd5 49. exd5 e4+ 50. Kd2 Bxc3+ 51. Kxc3 Nf5 52. Nd2 e3 53. fxe3 fxe3 54. Nf3 Ne7 55. Ne5+ Kd8 56. d6 Nf5 57. Kd3 e2 58. Kxe2 Nd4+ 59. Kd3 Nb3 60. Kc4 Nxa5+ 61. Kb4 b6 62. cxb6 Nb7 63. d7 Ke7 1/2-1/2

[Event "Nuremberg-ch op 05th"]
[Site "Nuremberg"]
[Date "2005.05.07"]
[Round "2"]
[White "Hoffmann, Ayar"]
[Black "Sommer, Matthias"]
[Result "0-1"]
[WhiteElo "1834"]
[BlackElo "2125"]
[PlyCount "92"]
[EventDate "2005.05.06"]
[EventType "swiss"]
[EventRounds "5"]
[EventCountry "GER"]
[SourceTitle "EXT 2007"]
[Source "ChessBase"]
[SourceDate "2006.11.23"]
[SourceVersion "1"]
[SourceVersionDate "2006.11.23"]
[SourceQuality "1"]

1. e4 c5 2. Nf3 d6 3. d4 cxd4 4. Nxd4 Nf6 5. Nc3 a6 6. Be2 e5 7. Nb3 Be7 8. Be3 Be6 9. 0-0 0-0 10. Bf3 Nbd7 11. Qe2 Rc8 12. Rac1 Bc4 13. Qd2 Bxf1 14. Kxf1 Qc7 15. Kg1 Nb6 16. Bxb6 Qxb6 17. Ne2 Rc4 18. Ng3 g6 19. a3 Rfc8 20. Qd3 Qd8 21. c3 b5 22. Nd2 R4c5 23. Ndf1 Ne8 24. Ne3 Bg5 25. Rd1 Bxe3 26. Qxe3 Kg7 27. Qd2 R5c6 28. Nf1 Nf6 29. Ne3 a5 30. g3 Rb6 31. Kg2 h6 32. h3 Qc7 33. g4 b4 34. axb4 axb4 35. c4 b3 36. Rc1 Qc5 37. Rd1 Ra8 38. h4 Ra2 39. g5 hxg5 40. hxg5 Ng8 41. Rb1 Qd4 42. Qc1 Rb8 43. Qh1 Rxb2 44. Rxb2 Qxb2 45. Ng4 Qd2 46. Qh4 Qf4 0-1

[Event "BL2-Ost 0405"]
[Site "Germany"]
[Date "2005.04.10"]
[Round "9.7"]
[White "Sommer, Matthias"]
[Black "Bartsch, Berthold"]
[Result "1-0"]
[WhiteElo "2097"]
[BlackElo "2290"]
[PlyCount "45"]
[EventDate "2004.10.24"]
[EventType "team-tourn"]
[EventRounds "9"]
[EventCountry "GER"]
[SourceTitle "EXT 2007"]
[Source "ChessBase"]
[SourceDate "2006.11.23"]
[SourceVersion "1"]
[SourceVersionDate "2006.11.23"]
[SourceQuality "1"]
[WhiteTeam "Nuernberg NT"]
[BlackTeam "Forchheim"]
[WhiteTeamCountry "GER"]
[BlackTeamCountry "GER"]

1. d4 Nf6 2. c4 e5 3. dxe5 Ng4 4. Bf4 Bb4+ 5. Nd2 Qe7 6. Ngf3 Nc6 7. e3 Ngxe5 8. Nxe5 Nxe5 9. Be2 0-0 10. 0-0 Bxd2 11. Qxd2 d6 12. b4 a5 13. a3 Rd8 14. Qc3 Qf6 15. Rac1 axb4 16. axb4 Ra2 17. Rc2 Rxc2 18. Qxc2 Qf5 19. Qc3 f6 20. Rd1 b6 21. c5 bxc5 22. bxc5 Bb7 23. Qb3+ 1-0

[Event "BL2-Ost 0405"]
[Site "Germany"]
[Date "2005.03.13"]
[Round "8.8"]
[White "Sommer, Matthias"]
[Black "Opitz, Alexander"]
[Result "1-0"]
[WhiteElo "2097"]
[BlackElo "2166"]
[PlyCount "111"]
[EventDate "2004.10.24"]
[EventType "team-tourn"]
[EventRounds "9"]
[EventCountry "GER"]
[SourceTitle "EXT 2007"]
[Source "ChessBase"]
[SourceDate "2006.11.23"]
[SourceVersion "1"]
[SourceVersionDate "2006.11.23"]
[SourceQuality "1"]
[WhiteTeam "Nuernberg NT"]
[BlackTeam "Bindlach"]
[WhiteTeamCountry "GER"]
[BlackTeamCountry "GER"]

1. d4 Nf6 2. c4 c5 3. d5 e6 4. Nc3 exd5 5. cxd5 d6 6. e4 g6 7. h3 Bg7 8. Nf3 0-0 9. Bd3 Nbd7 10. Bf4 Re8 11. 0-0 c4 12. Bc2 Nc5 13. Re1 b6 14. e5 dxe5 15. Nxe5 Bb7 16. d6 Rc8 17. Qd2 Ncd7 18. Ba4 a6 19. Nxd7 Rxe1+ 20. Rxe1 Nxd7 21. Bg5 f6 22. Bf4 b5 23. Bc2 Ne5 24. Bxe5 fxe5 25. Be4 Qd7 26. Bxb7 Qxb7 27. Ne4 h6 28. f3 Rd8 29. Qa5 Rd7 30. Kh1 Qc6 31. Rd1 Kh8 32. b3 cxb3 33. axb3 Bf8 34. Qd2 Qb6 35. Qd5 Bg7 36. Qe6 Qc6 37. Qxg6 a5 38. Qe6 a4 39. bxa4 bxa4 40. Rb1 Rd8 41. Qe7 Re8 42. Qc7 Qa8 43. Rb7 Rg8 44. Nf6 Qxb7 45. Qxb7 Bxf6 46. Qf7 Bg5 47. g3 a3 48. d7 Bd8 49. Qe6 Kh7 50. Kh2 Bc7 51. Qe7+ Rg7 52. d8Q Bxd8 53. Qxd8 Ra7 54. Qb6 Rd7 55. Qa5 Rd3 56. Qc7+ 1-0

[Event "BL2-Ost 0405"]
[Site "Germany"]
[Date "2005.02.13"]
[Round "7.8"]
[White "Kyas, Juergen"]
[Black "Sommer, Matthias"]
[Result "1/2-1/2"]
[WhiteElo "2245"]
[BlackElo "2097"]
[PlyCount "35"]
[EventDate "2004.10.24"]
[EventType "team-tourn"]
[EventRounds "9"]
[EventCountry "GER"]
[SourceTitle "EXT 2007"]
[Source "ChessBase"]
[SourceDate "2006.11.23"]
[SourceVersion "1"]
[SourceVersionDate "2006.11.23"]
[SourceQuality "1"]
[WhiteTeam "Chemnitz"]
[BlackTeam "Nuernberg NT"]
[WhiteTeamCountry "GER"]
[BlackTeamCountry "GER"]

1. e4 c5 2. Nf3 d6 3. d4 cxd4 4. Nxd4 Nf6 5. Nc3 a6 6. g3 e5 7. Nb3 Nbd7 8. Bg2 Be7 9. 0-0 b6 10. a4 Bb7 11. Nd2 0-0 12. Nc4 Qc7 13. Ne3 Nc5 14. Re1 g6 15. g4 Ne6 16. Ned5 Bxd5 17. exd5 Nc5 18. Bh6 1/2-1/2